A world atlas of military history, 1861-1945 / (Record no. 550345)
[ view plain ]
| 000 -LEADER | |
|---|---|
| fixed length control field | 00698cem a2200205 4500 |
| 020 ## - INTERNATIONAL STANDARD BOOK NUMBER | |
| International Standard Book Number | 0306803321 (pbk.) : |
| 082 00 - DEWEY DECIMAL CLASSIFICATION NUMBER | |
| Classification number | 355.009 |
| Author Mark | BAN |
| -- | L-30II, P-81 |
| 100 1# - MAIN ENTRY--PERSONAL NAME | |
| Personal name | Banks, Arthur. |
| 9 (RLIN) | 47044 |
| 245 12 - TITLE STATEMENT | |
| Title | A world atlas of military history, 1861-1945 / |
| Statement of responsibility, etc. | by Arthur Banks. |
| 260 ## - PUBLICATION, DISTRIBUTION, ETC. | |
| Place of publication, distribution, etc. | New York : |
| Name of publisher, distributor, etc. | Da Capo, |
| Date of publication, distribution, etc. | [1988], c1978. |
| 300 ## - PHYSICAL DESCRIPTION | |
| Extent | 1 atlas ([9], 160, [22]) : |
| Other physical details | chiefly maps ; |
| Dimensions | 23 cm. |
| 490 0# - SERIES STATEMENT | |
| Series statement | A Da Capo paperback |
| 500 ## - GENERAL NOTE | |
| General note | Includes indexes. |
| 500 ## - GENERAL NOTE | |
| General note | Reprint. Originally pub.: London : Seely Service, 1978. |
| 526 ## - STUDY PROGRAM INFORMATION NOTE | |
| Program name | 0 |
| Interest level | 0 |
| Reading level | 0 |
| Title point value | 355_009000000000000_BAN |
| 650 #0 - SUBJECT ADDED ENTRY--TOPICAL TERM | |
| Topical term or geographic name entry element | Historical geography |
| 9 (RLIN) | 47033 |
| 650 #0 - SUBJECT ADDED ENTRY--TOPICAL TERM | |
| Topical term or geographic name entry element | MCE |
| 9 (RLIN) | 379 |
| 650 #0 - SUBJECT ADDED ENTRY--TOPICAL TERM | |
| Topical term or geographic name entry element | Military history |
| 9 (RLIN) | 1735 |
| 942 ## - ADDED ENTRY ELEMENTS (KOHA) | |
| Source of classification or shelving scheme | |
| Koha item type | Book |
| Withdrawn status | Lost status | Source of classification or shelving scheme | Damaged status | Not for loan | Permanent Location | Current Location | Date acquired | Total Checkouts | Full call number | Barcode | Date last seen | Price effective from | Koha item type |
|---|---|---|---|---|---|---|---|---|---|---|---|---|---|
| Military College of Engineering (MCE) | Military College of Engineering (MCE) | 10/31/2014 | 355.009 BAN | MCE-8591 | 10/31/2014 | 03/14/2021 | Book |
